00412nam a2200193Ia 4500003000900000008004100009040001300050040001300063041000800076100002300084100000800107245002600115250000900141260003300150260000900183300001000192300001000202490000600212IT-RoPAU120407s9999 xx 000 0 und d aIT-RoPAU cIT-RoPAU aita aM. Regina Cesarato csr. aIncontro col silenzio aRoma aCasa Generalizia PDDM - CSCM c1988 a79 p. c21 cm v1